<?xml version="1.0" encoding="UTF-8"?>
<record
    xmlns:xsi="http://www.w3.org/2001/XMLSchema-instance"
    xsi:schemaLocation="http://www.loc.gov/MARC21/slim http://www.loc.gov/standards/marcxml/schema/MARC21slim.xsd"
    xmlns="http://www.loc.gov/MARC21/slim">

  <leader>00821nam a2200169Ia 4500</leader>
  <controlfield tag="008">120622s9999    xx            000 0 und d</controlfield>
  <datafield tag="020" ind1=" " ind2=" ">
    <subfield code="a">978-970-10-6668-3</subfield>
  </datafield>
  <datafield tag="082" ind1=" " ind2=" ">
    <subfield code="a">659.1 A681p 2008</subfield>
  </datafield>
  <datafield tag="100" ind1=" " ind2=" ">
    <subfield code="a">Arens, William F</subfield>
  </datafield>
  <datafield tag="245" ind1=" " ind2=" ">
    <subfield code="a">Publicidad / William F. Arens ; Michael F. Wigold ; Christian Arens : traducci&#xF3;n Claudia Cabrera ; Jorge A. Vel&#xE1;zquez Arellano</subfield>
  </datafield>
  <datafield tag="250" ind1=" " ind2=" ">
    <subfield code="a">11</subfield>
  </datafield>
  <datafield tag="260" ind1=" " ind2=" ">
    <subfield code="a">M&#xE9;xico : McGraw Hill /  Interamericana</subfield>
  </datafield>
  <datafield tag="300" ind1=" " ind2=" ">
    <subfield code="a">xi, 714 p</subfield>
  </datafield>
  <datafield tag="500" ind1=" " ind2=" ">
    <subfield code="a">Traducci&#xF3;n de: Contemporary Advertising Incluye: ap&#xE9;ndice B p. 624-627 ; glosario p. 628-653 ; &#xED;ndice de nombres p. 680-684 ; &#xED;ndice de empresas p. 685-691; &#xED;ndice tem&#xE1;tico p. 692-714</subfield>
  </datafield>
  <datafield tag="650" ind1=" " ind2=" ">
    <subfield code="a">PUBLICIDAD</subfield>
  </datafield>
  <datafield tag="700" ind1=" " ind2=" ">
    <subfield code="a">Weigold, Michael F. ; coaut.\Arens, Christian ; coaut.\ Cabrera, Claudia ; tr. \ Vel&#xE1;zquez Arellano, Jorge A.  tr.&#xCC;</subfield>
  </datafield>
  <datafield tag="952" ind1=" " ind2=" ">
    <subfield code="0">0</subfield>
    <subfield code="1">0</subfield>
    <subfield code="4">0</subfield>
    <subfield code="7">0</subfield>
    <subfield code="a">01</subfield>
    <subfield code="b">01</subfield>
    <subfield code="d">2010-10-09</subfield>
    <subfield code="l">6</subfield>
    <subfield code="o">659.1 A681P 2008</subfield>
    <subfield code="p">01 012445</subfield>
    <subfield code="r">2017-06-26</subfield>
    <subfield code="s">2017-06-26</subfield>
    <subfield code="t">1</subfield>
    <subfield code="w">2012-06-24</subfield>
    <subfield code="y">LB</subfield>
  </datafield>
  <datafield tag="952" ind1=" " ind2=" ">
    <subfield code="0">0</subfield>
    <subfield code="1">0</subfield>
    <subfield code="4">0</subfield>
    <subfield code="7">0</subfield>
    <subfield code="a">01</subfield>
    <subfield code="b">01</subfield>
    <subfield code="d">2010-10-09</subfield>
    <subfield code="l">2</subfield>
    <subfield code="o">659.1 A681P 2008</subfield>
    <subfield code="p">01 012446</subfield>
    <subfield code="r">2025-01-29</subfield>
    <subfield code="s">2017-05-31</subfield>
    <subfield code="t">2</subfield>
    <subfield code="w">2012-06-24</subfield>
    <subfield code="y">LB</subfield>
  </datafield>
  <datafield tag="952" ind1=" " ind2=" ">
    <subfield code="0">0</subfield>
    <subfield code="1">0</subfield>
    <subfield code="4">0</subfield>
    <subfield code="7">0</subfield>
    <subfield code="a">01</subfield>
    <subfield code="b">01</subfield>
    <subfield code="d">2010-10-09</subfield>
    <subfield code="l">1</subfield>
    <subfield code="o">659.1 A681P 2008</subfield>
    <subfield code="p">01 012447</subfield>
    <subfield code="r">2014-09-24</subfield>
    <subfield code="s">2014-09-24</subfield>
    <subfield code="t">3</subfield>
    <subfield code="w">2012-06-24</subfield>
    <subfield code="y">LB</subfield>
  </datafield>
  <datafield tag="999" ind1=" " ind2=" ">
    <subfield code="c">61188</subfield>
    <subfield code="d">61188</subfield>
  </datafield>
</record>
